| 000 | 01043cam a22003015a 4500 | ||
|---|---|---|---|
| 005 | 20150816105613.0 | ||
| 008 | 090427s2007 njua|||frb||| 001 0 eng d | ||
| 010 | _a 2006287096 | ||
| 020 | _a0132303787 (pbk.) | ||
| 020 | _a0132380331 (pbk.) | ||
| 020 | _a9780132303781 | ||
| 040 |
_aEG-ScBUE _beng _cEG-ScBUE |
||
| 082 | 0 | 0 |
_a005.8 _bSTA _222 |
| 100 | 1 |
_aStallings, William. _94391 |
|
| 245 | 1 | 0 |
_aNetwork security essentials : _bApplications and standards / _cWilliam Stallings. |
| 250 | _a3rd ed.,International ed. | ||
| 260 |
_aUpper Saddle River : _bPearson Education, _cc.2007. |
||
| 300 |
_axvi, 413 p. : _bill. ; _c24 cm. |
||
| 500 | _aIndex : p. 402-413. | ||
| 504 | _aIncludes bibliographical references . | ||
| 590 | _adoaa moahamed | ||
| 650 | 0 |
_aComputer networks _xSecurity measures. _94392 _2BUEsh |
|
| 650 | 0 |
_aComputer security. _94393 _2BUEsh |
|
| 651 | _2BUEsh | ||
| 653 | _bCOMSCI | ||
| 856 | 4 | 1 |
_3Table of contents only _uhttp://www.loc.gov/catdir/toc/fy0706/2006287096.html |
| 942 |
_cBB _k005.8STA _2ddc |
||
| 999 |
_c9418 _d9418 |
||